Como se estudia: (Registro nro. 29170)
[ vista simple ]
| 000 -LÍDER | |
|---|---|
| fixed length control field | 00606nam a22002177a 4500 |
| 003 - IDENTIFICADOR DEL NÚMERO DE CONTROL | |
| control field | ITZ |
| 005 - FECHA Y HORA DE LA ULTIMA TRANSACCIÓN | |
| Campo de control | 20231018184115.0 |
| 008 - ELEMENTOS DE LONGITUD FIJA -- INFORMACIÓN GENERAL | |
| fixed length control field | 231018b |||||||| |||| 00| 0 spa d |
| 020 ## - NÚMERO INTERNACIONAL NORMALIZADO PARA LIBROS | |
| ISBN | 968-853-320-3 |
| 035 ## - Número de ficha (Janium) | |
| Número de ficha (Janium) | 17554 |
| 041 ## - CÓDIGO DE IDIOMA | |
| Código de idioma para texto/pista de sonido o título separado | spa |
| 050 ## - SIGNATURA TOPOGRAFICA DE LA BIBLIOTECA DEL CONGRESO (LC) | |
| Número de Clasificación | LB1049 |
| Cutter | S46 1996 |
| 082 ## - NUMERO DE CLASIFICACION DECIMAL DEWEY | |
| Número de Clasificación | 378.17 |
| Cutter | S481c 1996 |
| 100 1# - ASIENTO PRINCIPAL--NOMBRE PERSONAL | |
| Nombre personal | Serafini, Maria Teresa |
| 245 ## - TÍTULO | |
| Título | Como se estudia: |
| Parte restante del título | La organizacion del trabajo intelectual |
| Mención de responsabilidad, etc. | Maria Teresa Serafini |
| 250 ## - MENCIÓN DE EDICIÓN | |
| Mención de edición | 1 |
| 260 ## - PUBLICACIÓN, DISTRIBUCIÓN, ETC. (PIE DE IMPRENTA) | |
| Lugar de publicación, distribución, etc. | México |
| Nombre del editor, distribuidor, etc. | Paidos |
| Fecha de publicación, distribución, etc. | 1996 |
| 300 ## - DESCRIPCIÓN FÍSICA | |
| Extensión | 328 p., il. / |
| Dimensiones | 20cm. |
| 650 ## - ASIENTO SECUNDARIO DE MATERIA - TERMINO TEMÁTICO | |
| Término temático o nombre geográfico como elemento de entrada | 1. METODOS DE ESTUDIO / 2. ENSEÑANZA PROGRAMADA |
| 942 ## - TIPO DE MATERIAL (KOHA) | |
| Koha item type | Libros |
| No. biblioteca | No. biblioteca | Número de clasificación | Código de barras/Número de adquisición | Número de copia | Tipo de material | Otras carreras |
|---|---|---|---|---|---|---|
| AREA DE ADMINISTRACIÓN | LUIS G. INCLAN | 378.17 S481c 1996 | 54247 | 2 | Libros | LUIS G. INCLAN |
| AREA DE ADMINISTRACIÓN | LUIS G. INCLAN | 378.17 S481c 1996 | 54249 | 4 | Libros | LUIS G. INCLAN |
| AREA DE ADMINISTRACIÓN | ÁREA DE BÁSICAS | 378.17 S481c 1996 | 54246 | 1 | Libros | LUIS G. INCLAN |
| AREA DE ADMINISTRACIÓN | ÁREA DE BÁSICAS | 378.17 S481c 1996 | 54248 | 3 | Libros | LUIS G. INCLAN |
